000 00654nam a2200121Ia 4500
008 220615s9999||||xx |||||||||||||| ||und||
100 _aBaumann, Isabel
245 4 _aThe Plight of Older Workers: Labor Market Experience after Plant Closure in the Swiss Manufacturing Sector
546 _aEnglish[eng]
650 _aOrganizational Studies, Economic Sociology||Labor Economics||Industrial and Organizational Psychology
856 _uhttps://library.oapen.org/bitstream/20.500.12657/27746/1/1002259.pdf||https://library.oapen.org/bitstream/20.500.12657/27746/1/1002259.pdf||https://library.oapen.org/bitstream/20.500.12657/27746/1/1002259.pdf
942 _cEB
999 _c17170
_d17170